00000000nam##2200000za#4500
0019.699740
003CaOODSP
00520210625000522
007cr |||||||||||
008150407|1976||||xxc|||||o    f|0| 0 eng|d
040 |aCaOODSP|beng
043 |an-cn---
0861 |aA43-1075/1976E-PDF
1101 |aCanada.|bAgriculture Canada.|bResearch Branch.
24510|aRoot maggots in rutabagas, cabbages and related plants in the Atlantic provinces / |h[electronic resource]|c[by] Dean C. Read.
260 |aOttawa - Ontario : |bAgriculture Canada. |c1960 (1972 rev., 1976 printing).
300 |a12p.|bphotographs
500 |a"Digitized by the Internet Archive in 2012 with funding from Agriculture and Agri-Food Canada - Agriculture et Agroalimentaire Canada"--p. 10 of 12.
590 |a15-01-Supp|b2015-01-26
69007|aInsects|2gcpds
69007|aPests|2gcpds
69007|aVegetables|2gcpds
85640|ahttp://publications.gc.ca|qPDF|s775 KB|uhttps://publications.gc.ca/collections/collection_2014/aac-aafc/agrhist/A43-1075-1976-eng.pdf
986 |a1075